Tilastot visalle Maakunnat

Klikkaa tästä pelataksesi tätä visaa!

Yleistilastot

  • Tätä visaa on pelattu 116 kertaa
  • Keskiarvotulos 10 / 13

Vastaustilastot

HintVastaus% Oikein
Tämä maakunta on Suomen pohjoisin.Lappi
98%
Suomen itäisin maakuntaPohjois-Karjala
87%
Tämän maakunnan keskus on JyväskyläKeski-Suomi
87%
Suomen runsasväkisin maakuntaUusimaa
83%
Tässä maakunnassa on Suomen korkein näkötorni sekä kolmanneksi suurin kaupunki.Pirkanmaa
83%
Tämän metsäisen maakunnan asukastiheys on pieni ja keskus KajaaniKainuu
82%
Suomen vanhin kaupunki sijaitsee täällä.Varsinais-Suomi
82%
Tässä maakunnassa sijaitsee Kallavesi sekä Varkaus ja Kuopio.Pohjois-Savo
81%
Suomen runsasjärvisin maakuntaEtelä-Savo
74%
Yksi Suomen pienimpiä maakuntia, sijaitsee kahden Pohjanmaan välissä.Keski-Pohjanmaa
70%
Tämä maakunta rajoittuu Pirkanmaahan, Varsinais-Suomeen, Itämereen sekä Pohjanmaahan.Satakunta
67%
Tämä maakunta on myös itsehallintoalueAhvenanmaa
66%
Tässä maakunnassa on kaksi keskusta; molemmat alkavat K:llaKymenlaakso
0%

Tulosjakauma

Persentiili vastausten määrän mukaan

Jokaisen tuloksen saaneiden osuus

Tuloshistoriasi

Et ole pelannut tätä visaa